000 00848nabaa22001817a 4500
999 _c6113
_d6113
003 OSt
005 20260122101635.0
008 190701b xxu||||| |||| 00| 0 spa d
040 _cPJ
100 _96881
_aDasenchich, Lorena
245 1 0 _aCapacidades estatales para innovar :
_bherramientas y desafíos /
_cLorena Dasenchich.
300 _ap. 39-48
505 _aSumario: I. Introducción.— II. Concepto de capacidad estatal.— III. La innovación en el sector público.— IV. ¿Cómo medir capacidad e innovación en el Estado?— V. Conclusiones.
505 _t¿Te interesa el texto completo? Comunicate al correo: koha@justierradelfuego.gov.ar
650 0 _9211
_aDERECHO ADMINISTRATIVO
773 0 _02842
_93251
_dBuenos Aires : AbeledoPerrot, 2012-
_oDA121
_tDerecho administrativo. Nº 146 marzo/abril 2023
_z18510590
942 _2udc
_cANA